[Event "European Blitz Championship 2021"]
[Site "Katowice"]
[Date "2021.12.17"]
[Round "17.20"]
[White "Dudzinski, Pawel"]
[Black "Kolasa, Pjotrs"]
[Result "1-0"]
[WhiteElo "2193"]
[BlackElo "2020"]
[Annotator "NA"]
[PlyCount "99"]
[EventDate "2021.12.17"]
[EventType "swiss"]
[EventCountry "POL"]
[SourceTitle "playchess.com"]
[Source "ChessBase"]
[SourceQuality "1"]

1. e4 e5 2. Nc3 Nf6 3. g3 d5 4. exd5 Nxd5 5. Bg2 Nb6 6. Nf3 Nc6 7. O-O Be7 8.
Re1 Bg4 9. h3 Bxf3 10. Qxf3 O-O 11. d3 Qd7 12. Nd5 Bc5 13. Be3 Bxe3 14. fxe3
Rad8 15. Nxb6 axb6 16. a3 Qd6 17. Kh2 h6 18. Rf1 b5 19. Qf5 Ne7 20. Qh5 c6 21.
Rf2 Qg6 22. Qxg6 Nxg6 23. Raf1 f6 24. Be4 Ne7 25. g4 Kf7 26. Kg3 Ke6 27. Bf5+
Kd6 28. Be4 Ke6 29. h4 Rh8 30. c3 Nd5 31. Rf3 Ne7 32. d4 exd4 33. exd4 Kd6 34.
Re1 Rde8 35. Rfe3 Nd5 36. Bxd5 Rxe3+ 37. Rxe3 cxd5 38. h5 Rc8 39. Kf4 Rc7 40.
Kf5 b6 41. Re8 Rb7 42. Kg6 b4 43. axb4 Kc6 44. Rg8 Kb5 45. Rxg7 Rb8 46. Rc7 Ka4
47. Kxh6 Rg8 48. Rg7 Rf8 49. Kg6 Kb3 50. h6 1-0

[Event "European Blitz Championship 2021"]
[Site "Katowice"]
[Date "2021.12.17"]
[Round "17.21"]
[White "Bognar, Csaba"]
[Black "Pavlidou, Ekaterini"]
[Result "1-0"]
[WhiteElo "2135"]
[BlackElo "2177"]
[Annotator "NA"]
[PlyCount "95"]
[EventDate "2021.12.17"]
[EventType "swiss"]
[EventCountry "POL"]
[SourceTitle "playchess.com"]
[Source "ChessBase"]
[SourceQuality "1"]

1. d4 Nf6 2. c4 e6 3. Nf3 b6 4. g3 Ba6 5. Nbd2 d5 6. Bg2 c6 7. b3 Be7 8. O-O
O-O 9. Bb2 Nbd7 10. Ne1 Bb4 11. Rc1 Rc8 12. Nd3 Bxd2 13. Qxd2 Ne4 14. Qe3 Nd6
15. c5 Nf5 16. Qd2 Bxd3 17. Qxd3 bxc5 18. dxc5 f6 19. e4 Ne7 20. Rfd1 Qa5 21.
Qc3 Qxc3 22. Rxc3 Rfd8 23. exd5 cxd5 24. b4 Ne5 25. Bf1 d4 26. Rb3 N7c6 27. f4
Ng4 28. Bg2 Ne3 29. Rd2 e5 30. fxe5 fxe5 31. Be4 Nc4 32. Rd1 Ne7 33. Bc1 h6 34.
Bd3 Ne3 35. Bxe3 dxe3 36. Bc4+ Kh8 37. Rxd8+ Rxd8 38. Rxe3 Rd4 39. Rc3 Nc6 40.
a3 e4 41. Kf2 Ne5 42. Be2 Rd2 43. Ke3 Ra2 44. c6 Nxc6 45. Rxc6 Rxa3+ 46. Kxe4
Ra4 47. Rc4 a5 48. b5 1-0

[Event "European Blitz Championship 2021"]
[Site "Katowice"]
[Date "2021.12.17"]
[Round "17.21"]
[White "Praczukowski, Stanislaw"]
[Black "Dragnev, Valentin"]
[Result "0-1"]
[WhiteElo "2069"]
[BlackElo "2548"]
[Annotator "ChessBase"]
[PlyCount "132"]
[EventDate "2021.12.17"]
[EventType "swiss"]
[EventCountry "POL"]
[SourceTitle "playchess.com"]
[Source "ChessBase"]
[SourceQuality "1"]

1. e4 d5 2. exd5 Qxd5 3. Nc3 Qa5 4. d4 Nf6 5. Nf3 Bf5 6. Bc4 c6 7. Bd2 Nbd7 8.
Nd5 Qd8 9. Nxf6+ Nxf6 10. Bb4 a5 11. Ne5 Nd5 12. Qf3 Be6 13. Bd2 g6 14. O-O Bg7
15. Rfe1 O-O 16. c3 Qc7 17. Nd3 Bf5 18. Nf4 Nf6 19. h3 Rad8 20. Rad1 b5 21. Bd3
Bxd3 22. Nxd3 Nd5 23. Bf4 Qb6 24. Be5 e6 25. Bxg7 Kxg7 26. g3 b4 27. c4 Nf6 28.
Nc5 Rfe8 29. h4 h5 30. Ne4 Nh7 31. Qe3 Qc7 32. c5 Re7 33. Nd6 Nf8 34. Qf4 Qd7
35. Rd3 Nh7 36. Rf3 Rf8 37. Qe5+ Kg8 38. Re4 f6 39. Qf4 Kg7 40. Qe3 Rd8 41.
Ref4 Rf8 42. Re4 Rd8 43. Ref4 Qc7 44. Qe4 e5 45. dxe5 f5 46. Qd4 Kg8 47. Qc4+
Kg7 48. Kg2 Qd7 49. Re3 Qe6 50. Qxe6 Rxe6 51. a3 bxa3 52. bxa3 Nf8 53. Ra4 Ra8
54. f4 Nd7 55. Rc3 Re7 56. Rd4 Rb8 57. Kh3 Nf8 58. Nc4 Ne6 59. Rd6 Nxc5 60.
Rxc6 Ne4 61. Rc1 Rb3 62. Rg1 a4 63. Nd6 Nf2+ 64. Kg2 Rb2 65. Kf3 Ng4 66. Rgc1
Rf2# 0-1

[Event "European Blitz Championship 2021"]
[Site "Katowice"]
[Date "2021.12.17"]
[Round "17.22"]
[White "Stefansson, Hannes"]
[Black "Wisniewski, Michal"]
[Result "1-0"]
[WhiteElo "2519"]
[BlackElo "2215"]
[Annotator "ChessBase"]
[PlyCount "116"]
[EventDate "2021.12.17"]
[EventType "swiss"]
[EventCountry "POL"]
[SourceTitle "playchess.com"]
[Source "ChessBase"]
[SourceQuality "1"]

1. e4 Nf6 2. e5 Nd5 3. d4 d6 4. Nf3 g6 5. Bc4 Nb6 6. Bb3 Bg7 7. O-O O-O 8. h3
c5 9. dxc5 dxc5 10. Qe2 Qc7 11. c3 Bf5 12. Na3 a6 13. Bf4 Nc6 14. Bh2 Qc8 15.
Ng5 Na5 16. Bc2 Bxc2 17. Qxc2 e6 18. Ne4 Nd7 19. f4 b5 20. Rad1 c4 21. Qf2 Nb7
22. Qh4 Nbc5 23. Nf6+ Bxf6 24. exf6 Ne4 25. f5 exf5 26. Rxd7 Qxd7 27. Be5 Qe6
28. Bd4 Rfd8 29. Nc2 Rxd4 30. Nxd4 Qb6 31. g4 Qxf6 32. Qxf6 Nxf6 33. gxf5 Nd5
34. Re1 Kf8 35. Kf2 Nf4 36. Kg3 Nd3 37. Re2 Re8 38. Rd2 Re3+ 39. Kg4 Kg7 40.
fxg6 hxg6 41. Rg2 Kh6 42. a4 f5+ 43. Nxf5+ gxf5+ 44. Kxf5 bxa4 45. Rg6+ Kh5 46.
Rxa6 Nxb2 47. Ra8 Rf3+ 48. Ke4 Rxc3 49. Kf5 Rf3+ 50. Ke4 Rxh3 51. Rh8+ Kg4 52.
Rg8+ Kh4 53. Rh8+ Kg3 54. Rb8 a3 55. Ra8 Kf2 56. Kd4 Rd3+ 57. Kc5 Ke2 58. Kb4
Rb3+ 1-0

[Event "European Blitz Championship 2021"]
[Site "Katowice"]
[Date "2021.12.17"]
[Round "17.22"]
[White "Rigopoulos-Tsigkos, Alexandros"]
[Black "Kutowski, Marcel"]
[Result "1-0"]
[WhiteElo "2152"]
[BlackElo "1936"]
[Annotator "NA"]
[PlyCount "107"]
[EventDate "2021.12.17"]
[EventType "swiss"]
[EventCountry "POL"]
[SourceTitle "playchess.com"]
[Source "ChessBase"]
[SourceQuality "1"]

1. e4 c5 2. Nf3 d6 3. d4 cxd4 4. Qxd4 Nf6 5. Nc3 a6 6. Bg5 Nc6 7. Qd3 e6 8.
O-O-O Be7 9. Be2 Qc7 10. Bf4 Ne5 11. Qd2 O-O 12. Bg3 b5 13. Nd4 b4 14. Nb1 Nxe4
15. Qxb4 Rb8 16. Qe1 Qb6 17. Nb3 Bb7 18. f3 Qe3+ 19. N1d2 Nxd2 20. Qxd2 Qxd2+
21. Rxd2 Rfd8 22. Kb1 Ng6 23. Rhd1 e5 24. Bc4 Rbc8 25. Bd5 Bxd5 26. Rxd5 f5 27.
Bf2 Kf7 28. Bb6 Rd7 29. Na5 Ke6 30. c4 Bd8 31. c5 Bxb6 32. Rxd6+ Rxd6 33. Rxd6+
Ke7 34. Rxb6 Rxc5 35. Nb3 Rd5 36. Rxa6 Nf4 37. Ra7+ Kf6 38. Ra6+ Kg5 39. g3 Nd3
40. Nc1 Ne1 41. a4 Nxf3 42. b4 e4 43. Re6 Rd4 44. Na2 Nxh2 45. a5 Ng4 46. a6
Rd7 47. b5 e3 48. b6 Nf6 49. Rxe3 Ne4 50. b7 Rd1+ 51. Kc2 Rd2+ 52. Kb3 Rd6 53.
Rxe4 Rb6+ 54. Rb4 1-0

[Event "European Blitz Championship 2021"]
[Site "Katowice"]
[Date "2021.12.17"]
[Round "17.23"]
[White "Gretarsson, Helgi Ass"]
[Black "Mis, Mieszko"]
[Result "0-1"]
[WhiteElo "2476"]
[BlackElo "2200"]
[Annotator "ChessBase"]
[PlyCount "128"]
[EventDate "2021.12.17"]
[EventType "swiss"]
[EventCountry "POL"]
[SourceTitle "playchess.com"]
[Source "ChessBase"]
[SourceQuality "1"]

1. d4 Nf6 2. c4 e6 3. Nc3 Bb4 4. Qc2 Nc6 5. Nf3 d6 6. Bd2 O-O 7. a3 Bxc3 8.
Bxc3 Qe7 9. b4 e5 10. d5 Nb8 11. e4 Bg4 12. Nd2 c6 13. f3 Bh5 14. dxc6 Nxc6 15.
Bd3 Rac8 16. Qb2 Bg6 17. Be2 Nh5 18. g3 f5 19. exf5 Bxf5 20. O-O Bh3 21. Rf2
Nf6 22. Bd3 Kh8 23. Re1 Qf7 24. Nf1 Be6 25. Ne3 d5 26. cxd5 Nxd5 27. Nxd5 Bxd5
28. b5 Nd4 29. Bxd4 exd4 30. Qxd4 b6 31. a4 Bc4 32. Be4 Rcd8 33. Qe5 Rfe8 34.
Qg5 Bd5 35. Qh4 Bxe4 36. Rxe4 Rf8 37. Re7 Qb3 38. Qg4 Rg8 39. Kg2 Qc3 40. Rfe2
Rd4 41. R7e4 Rd3 42. h4 Qc5 43. h5 Rd1 44. Re1 Rd2+ 45. Kh3 Qf2 46. Qf5 Rd3 47.
Kg4 Qd2 48. Re8 Rd4+ 49. f4 Rd8 50. Rxg8+ Rxg8 51. Re7 Qd1+ 52. Kh4 Qh1+ 53.
Qh3 Qd5 54. Qe6 Qh1+ 55. Kg5 Qb1 56. g4 h6+ 57. Kh4 Qh1+ 58. Kg3 Qg1+ 59. Kf3
Qf1+ 60. Ke4 Rf8 61. Qe5 Qe2+ 62. Kd5 Rd8+ 63. Ke6 Qxg4+ 64. f5 Qc4+ 0-1

[Event "European Blitz Championship 2021"]
[Site "Katowice"]
[Date "2021.12.17"]
[Round "17.23"]
[White "Posluszny, Tomasz"]
[Black "Sliwicki, Damian"]
[Result "1-0"]
[WhiteElo "1803"]
[BlackElo "2151"]
[Annotator "NA"]
[PlyCount "143"]
[EventDate "2021.12.17"]
[EventType "swiss"]
[EventCountry "POL"]
[SourceTitle "playchess.com"]
[Source "ChessBase"]
[SourceQuality "1"]

1. Nf3 g6 2. d4 Nf6 3. b3 Bg7 4. Bb2 d5 5. e3 O-O 6. c4 c6 7. Nc3 Bg4 8. Be2
Nbd7 9. O-O Re8 10. Qc2 Rc8 11. Rad1 dxc4 12. bxc4 Qa5 13. Qb3 b6 14. h3 Bxf3
15. Bxf3 e5 16. Rfe1 e4 17. Be2 Qf5 18. a4 h5 19. a5 bxa5 20. c5 Nd5 21. Nxd5
cxd5 22. Bc3 a4 23. Qa3 Rb8 24. Rb1 Rec8 25. Bb5 Nf8 26. Qxa4 Rxc5 27. dxc5
Bxc3 28. Rec1 Be5 29. c6 Bc7 30. Qa1 Ne6 31. Bf1 Rd8 32. Rb7 d4 33. exd4 e3 34.
fxe3 Qg5 35. Qc3 Qg3 36. Rxc7 Nxc7 37. e4 Qxc3 38. Rxc3 Rxd4 39. Ra3 Rxe4 40.
Rxa7 Re7 41. Kf2 Kf8 42. Bc4 f5 43. Kf3 Ke8 44. Rb7 Kf8 45. Kf4 Ke8 46. Kg5 Kf8
47. Rb8+ Kg7 48. Rb7 Kf8 49. Kf6 Ne8+ 50. Kg5 Nd6 51. Rxe7 Kxe7 52. Ba6 Kd8 53.
Kxg6 Kc7 54. Bb7 f4 55. Kxh5 Nb5 56. Kg4 Kd6 57. Kxf4 Nc7 58. g4 Ke7 59. Kf5
Kf7 60. g5 Nd5 61. h4 Nc7 62. Ke5 Ke7 63. g6 Ne8 64. h5 Kf8 65. Ke6 Ng7+ 66.
Kd7 Nxh5 67. c7 Nf6+ 68. Ke6 Kg7 69. c8=Q Ng8 70. Qd7+ Kxg6 71. Qf7+ Kh6 72.
Qxg8 1-0

[Event "European Blitz Championship 2021"]
[Site "Katowice"]
[Date "2021.12.17"]
[Round "17.24"]
[White "Mirzoev, Emil"]
[Black "Cukrowski, Filip"]
[Result "1-0"]
[WhiteElo "2474"]
[BlackElo "2101"]
[Annotator "ChessBase"]
[PlyCount "59"]
[EventDate "2021.12.17"]
[EventType "swiss"]
[EventCountry "POL"]
[SourceTitle "playchess.com"]
[Source "ChessBase"]
[SourceQuality "1"]

1. Nf3 Nf6 2. g3 g6 3. Bg2 Bg7 4. b3 b6 5. O-O Bb7 6. Bb2 O-O 7. c4 c5 8. Nc3
d6 9. d4 cxd4 10. Nxd4 Bxg2 11. Kxg2 Qc8 12. e4 Nc6 13. Nd5 Nxd5 14. exd5 Nxd4
15. Bxd4 Bxd4 16. Qxd4 Qc5 17. Qd3 Rac8 18. Rae1 Rc7 19. Re4 Rb8 20. Rfe1 Rbb7
21. h4 a5 22. h5 b5 23. hxg6 fxg6 24. Rh4 bxc4 25. bxc4 Rb2 26. Qf3 Qb4 27.
Rxh7 Kxh7 28. Qf7+ Kh6 29. Rh1+ Kg5 30. Qf4# 1-0

[Event "European Blitz Championship 2021"]
[Site "Katowice"]
[Date "2021.12.17"]
[Round "17.24"]
[White "Sanz Wawer, Daniel"]
[Black "Wnek, Filip"]
[Result "1-0"]
[WhiteElo "2102"]
[BlackElo "1873"]
[Annotator "NA"]
[PlyCount "85"]
[EventDate "2021.12.17"]
[EventType "swiss"]
[EventCountry "POL"]
[SourceTitle "playchess.com"]
[Source "ChessBase"]
[SourceQuality "1"]

1. e4 c5 2. Nf3 d6 3. d4 cxd4 4. Nxd4 Nf6 5. Nc3 a6 6. Bg5 e6 7. f4 Be7 8. Qf3
h6 9. Bxf6 Bxf6 10. O-O-O Qc7 11. g4 Be7 12. f5 Nc6 13. fxe6 fxe6 14. Nxc6 Qxc6
15. Bg2 Bd7 16. e5 Qxf3 17. Bxf3 d5 18. Ne2 Bg5+ 19. Kb1 Rf8 20. Nd4 Ke7 21.
Rhf1 Rf4 22. c4 Raf8 23. cxd5 exd5 24. h3 g6 25. e6 Bc8 26. Kc2 h5 27. Kd3 hxg4
28. hxg4 Bh6 29. Ke2 Bg7 30. Nb3 Bxe6 31. Rde1 Bxb2 32. Ke3 d4+ 33. Ke2 Bc4+
34. Kd2+ Kd7 35. Nc5+ Kd8 36. Nxb7+ Kc7 37. Re7+ Kb6 38. Nd6 Rxf3 39. Nxc4+ Kc5
40. Rxf3 Rxf3 41. Nxb2 Rf2+ 42. Kc1 Kb4 43. Nd3+ 1-0

[Event "European Blitz Championship 2021"]
[Site "Katowice"]
[Date "2021.12.17"]
[Round "17.25"]
[White "Gumularz, Szymon"]
[Black "Kukula, Pawel"]
[Result "1-0"]
[WhiteElo "2533"]
[BlackElo "2191"]
[Annotator "ChessBase"]
[PlyCount "77"]
[EventDate "2021.12.17"]
[EventType "swiss"]
[EventCountry "POL"]
[SourceTitle "playchess.com"]
[Source "ChessBase"]
[SourceQuality "1"]

1. e4 Nc6 2. Nf3 d6 3. d4 Nf6 4. Nc3 Bg4 5. Be3 e6 6. Be2 Be7 7. h3 Bh5 8. O-O
O-O 9. d5 exd5 10. exd5 Bxf3 11. Bxf3 Ne5 12. Be2 Ng6 13. Qd2 c5 14. dxc6 bxc6
15. Rfe1 Qc7 16. Bf1 Rfe8 17. Rad1 Rad8 18. Qd4 Ra8 19. g3 d5 20. Bg2 h6 21.
Na4 Rab8 22. b3 Rb7 23. c4 Bb4 24. Rf1 dxc4 25. Qxc4 Ne5 26. Qc2 Rbb8 27. Nc5
Bxc5 28. Qxc5 a5 29. Bf4 Rb5 30. Qc3 Qe7 31. Rfe1 Nfd7 32. Rxd7 Qxd7 33. Rxe5
Qd1+ 34. Kh2 Rexe5 35. Bxe5 Qe2 36. Bxg7 Qxf2 37. Bxh6 f6 38. Qxc6 Re5 39. Qd7
1-0

[Event "European Blitz Championship 2021"]
[Site "Katowice"]
[Date "2021.12.17"]
[Round "17.25"]
[White "Molenda, Marcin"]
[Black "Sowinski, Pawel"]
[Result "1-0"]
[WhiteElo "2097"]
[BlackElo "1548"]
[Annotator "NA"]
[PlyCount "70"]
[EventDate "2021.12.17"]
[EventType "swiss"]
[EventCountry "POL"]
[SourceTitle "playchess.com"]
[Source "ChessBase"]
[SourceQuality "1"]

1. Nf3 Nf6 2. d4 d5 3. c4 c6 4. e3 e6 5. b3 Be7 6. Bd3 O-O 7. O-O b6 8. Nc3 Bb7
9. Bb2 Nbd7 10. Rc1 c5 11. cxd5 exd5 12. dxc5 bxc5 13. Na4 Rc8 14. Qe2 Bd6 15.
h3 Qe7 16. Rfd1 Rfe8 17. Bf5 Rc7 18. Nc3 a6 19. Qf1 Ne5 20. Ne2 Ng6 21. Bb1 Ne4
22. Nc3 Nf6 23. Na4 Bc6 24. Re1 Bb5 25. Bd3 c4 26. Be2 Ne4 27. Nc3 Nxc3 28.
Bxc3 cxb3 29. axb3 Ba3 30. Bxb5 axb5 31. Qxb5 Bxc1 32. Bb4 Qe6 33. Ba5 Rcc8 34.
Nd4 Qf6 35. Nc6 Qxc6 1-0

[Event "European Blitz Championship 2021"]
[Site "Katowice"]
[Date "2021.12.17"]
[Round "17.26"]
[White "Reimanis, Ritvars"]
[Black "Karut, Kacper"]
[Result "1-0"]
[WhiteElo "2397"]
[BlackElo "1447"]
[Annotator "NA"]
[PlyCount "75"]
[EventDate "2021.12.17"]
[EventType "swiss"]
[EventCountry "POL"]
[SourceTitle "playchess.com"]
[Source "ChessBase"]
[SourceQuality "1"]

1. Nf3 Nf6 2. c4 g6 3. Nc3 Bg7 4. d3 O-O 5. Rb1 d5 6. cxd5 Nxd5 7. Bd2 c5 8. g3
Nc6 9. Bg2 Nxc3 10. Bxc3 Nd4 11. O-O Rb8 12. Bxd4 cxd4 13. Nd2 e5 14. b4 Be6
15. Qa4 Qb6 16. Nc4 Bxc4 17. dxc4 f5 18. Bd5+ Kh8 19. c5 Qa6 20. Qxa6 bxa6 21.
Rb3 e4 22. Rfb1 Rfd8 23. Bc4 a5 24. bxa5 Rxb3 25. Rxb3 Rc8 26. Be6 Rd8 27. c6
Be5 28. Bd7 Kg7 29. Rb5 Bd6 30. Rd5 Bc7 31. Rxd4 Bxa5 32. Rd5 Bb6 33. a4 Kf6
34. Rb5 Bc7 35. Rb7 Bd6 36. c7 Bxc7 37. Rxc7 a5 38. Bb5 1-0

[Event "European Blitz Championship 2021"]
[Site "Katowice"]
[Date "2021.12.17"]
[Round "17.26"]
[White "Sliwicka, Alicja"]
[Black "Lubczynski, Rafal"]
[Result "1-0"]
[WhiteElo "2155"]
[BlackElo "2361"]
[Annotator "NA"]
[PlyCount "179"]
[EventDate "2021.12.17"]
[EventType "swiss"]
[EventCountry "POL"]
[SourceTitle "playchess.com"]
[Source "ChessBase"]
[SourceQuality "1"]

1. e4 d6 2. d4 Nf6 3. Nc3 e5 4. Nf3 Nbd7 5. Bc4 Be7 6. O-O O-O 7. a4 a5 8. Re1
c6 9. Ba2 h6 10. h3 Nh7 11. Be3 Ng5 12. dxe5 dxe5 13. Nxg5 Bxg5 14. Qh5 Qe7 15.
Rad1 Nc5 16. Bxc5 Qxc5 17. h4 Be7 18. Re3 Qb6 19. Bb3 Bc5 20. Rf3 Qc7 21. Rdd3
Qe7 22. Rg3 Kh7 23. Nd1 g6 24. Qe2 h5 25. Rg5 f6 26. Rgg3 Bg4 27. Qd2 f5 28.
Rd7 Rae8 29. Rxe7+ Rxe7 30. exf5 gxf5 31. Rd3 f4 32. Rd8 Rf6 33. c3 e4 34. Kf1
e3 35. Bc2+ Kg7 36. Qd3 e2+ 37. Kg1 e1=Q+ 38. Kh2 Bf5 39. Qc4 Qe6 40. Qxf4 Qe5
41. Qxe5 Rxe5 42. Bb3 Re2 43. Rg8+ Kh7 44. f3 Bd6+ 45. Kg1 Bc5+ 46. Kf1 Bd3 47.
Rd8 Rd2+ 48. Ke1 Re2+ 49. Kf1 Rd2+ 50. Ke1 Re2+ 51. Kf1 Re3+ 52. Rxd3 Rxd3 53.
Bc2 Kg7 54. Bxd3 Rf4 55. g3 Rxa4 56. Ke2 Ra1 57. f4 b5 58. Be4 b4 59. Bxc6 b3
60. Bf3 a4 61. Kd3 Ra2 62. Kc4 Bg1 63. Kb4 Kf6 64. c4 Ra1 65. Bxh5 Bh2 66. Bf3
Bxg3 67. h5 Bxf4 68. c5 Bd2+ 69. Kc4 Rc1+ 70. Kd3 Bf4 71. c6 a3 72. bxa3 b2 73.
Nxb2 Rf1 74. Be2 Rb1 75. Nc4 Rc1 76. Ke4 Kg5 77. h6 Rh1 78. a4 Rxh6 79. Kd5 Rh7
80. a5 Ra7 81. Kc5 Bc7 82. Kb5 Kf6 83. Nb6 Ke6 84. Bg4+ Ke5 85. Nc4+ Kd4 86.
Bc8 Kd5 87. Bb7 Kd4 88. a6 Kd5 89. Nb6+ Kd6 90. Nc8+ 1-0

[Event "European Blitz Championship 2021"]
[Site "Katowice"]
[Date "2021.12.17"]
[Round "17.27"]
[White "Wisniewski, Adrian"]
[Black "Budzisz, Adrian"]
[Result "0-1"]
[WhiteElo "2351"]
[BlackElo "1985"]
[Annotator "NA"]
[PlyCount "106"]
[EventDate "2021.12.17"]
[EventType "swiss"]
[EventCountry "POL"]
[SourceTitle "playchess.com"]
[Source "ChessBase"]
[SourceQuality "1"]

1. Nf3 Nf6 2. b3 g6 3. Bb2 Bg7 4. g3 O-O 5. Bg2 a5 6. O-O d6 7. d4 a4 8. c4
Nbd7 9. Nc3 a3 10. Bc1 c6 11. Bg5 Qa5 12. Bd2 Qc7 13. Qc1 e5 14. Bh6 Re8 15.
Bxg7 Kxg7 16. dxe5 dxe5 17. Ne1 e4 18. Nc2 Qe5 19. Qe3 b5 20. cxb5 cxb5 21. Qd4
Qxd4 22. Nxd4 b4 23. Ncb5 Ra5 24. Rac1 Bb7 25. Nd6 Rb8 26. Nxb7 Rxb7 27. Nc6
Ra6 28. Rc4 Rab6 29. Rd1 Rc7 30. Na5 Rxc4 31. Nxc4 Rc6 32. g4 g5 33. h4 h6 34.
hxg5 hxg5 35. Bxe4 Nxe4 36. Rxd7 Nc3 37. Rd2 Re6 38. e3 Nb1 39. Rd5 Nc3 40.
Rxg5+ Kf6 41. Rf5+ Ke7 42. Ra5 Nxa2 43. Rb5 Rc6 44. Rb7+ Kf6 45. Kg2 Nc3 46.
Ra7 a2 47. Nd2 Rd6 48. Nf3 Rd1 49. g5+ Kg7 50. g6 Kxg6 51. Ne5+ Kf6 52. Nd7+
Rxd7 53. Ra6+ Kg7 0-1

[Event "European Blitz Championship 2021"]
[Site "Katowice"]
[Date "2021.12.17"]
[Round "17.27"]
[White "Wilk, Krzysztof"]
[Black "Keinanen, Toivo"]
[Result "0-1"]
[WhiteElo "2206"]
[BlackElo "2358"]
[Annotator "NA"]
[PlyCount "56"]
[EventDate "2021.12.17"]
[EventType "swiss"]
[EventCountry "POL"]
[SourceTitle "playchess.com"]
[Source "ChessBase"]
[SourceQuality "1"]

1. b4 a5 2. b5 b6 3. c4 Bb7 4. e3 d6 5. Nf3 Nd7 6. d4 e5 7. Bb2 g6 8. Nbd2 Bg7
9. dxe5 dxe5 10. Be2 Nh6 11. O-O O-O 12. Qc2 Qe7 13. Rad1 Rfd8 14. Nb3 Nf5 15.
a4 e4 16. Nfd4 Nh4 17. Rd2 Ne5 18. Rfd1 Nhf3+ 19. Nxf3 exf3 20. gxf3 Nxf3+ 21.
Bxf3 Bxf3 22. Rxd8+ Rxd8 23. Rxd8+ Qxd8 24. Nd2 Qg5+ 25. Kf1 Qg2+ 26. Ke1 Qg1+
27. Nf1 Bg2 28. Qd3 Bxb2 0-1

[Event "European Blitz Championship 2021"]
[Site "Katowice"]
[Date "2021.12.17"]
[Round "17.28"]
[White "Gerasimenyk, Mikhail"]
[Black "Grzesik, Gracjan"]
[Result "1-0"]
[WhiteElo "2258"]
[BlackElo "2208"]
[Annotator "NA"]
[PlyCount "37"]
[EventDate "2021.12.17"]
[EventType "swiss"]
[EventCountry "POL"]
[SourceTitle "playchess.com"]
[Source "ChessBase"]
[SourceQuality "1"]

1. d4 Nf6 2. Nf3 e6 3. Bg5 d5 4. e3 Be7 5. Nbd2 O-O 6. Bd3 b6 7. c3 Bb7 8. h4
Nbd7 9. g4 c5 10. Bxf6 Nxf6 11. g5 Ne4 12. Qc2 f5 13. gxf6 Nxf6 14. Ng5 Qd6 15.
Bxh7+ Kh8 16. Ndf3 Nd7 17. Bg8 Nf6 18. Bxe6 Ne4 19. Ne5 1-0

[Event "European Blitz Championship 2021"]
[Site "Katowice"]
[Date "2021.12.17"]
[Round "17.28"]
[White "Turski, Bartlomiej"]
[Black "Szwed, Jacek"]
[Result "1/2-1/2"]
[WhiteElo "2114"]
[BlackElo "2346"]
[Annotator "NA"]
[PlyCount "103"]
[EventDate "2021.12.17"]
[EventType "swiss"]
[EventCountry "POL"]
[SourceTitle "playchess.com"]
[Source "ChessBase"]
[SourceQuality "1"]

1. e4 e6 2. d4 d5 3. Nd2 c5 4. exd5 exd5 5. Ngf3 a6 6. dxc5 Bxc5 7. Bd3 Nf6 8.
O-O O-O 9. Nb3 Bb6 10. h3 Nc6 11. c3 Ne4 12. Nbd4 Qf6 13. Be3 Bc7 14. Qc2 Re8
15. Rfe1 Bd7 16. Rad1 Rad8 17. a3 Qd6 18. Nxc6 Qxc6 19. c4 dxc4 20. Qxc4 Qxc4
21. Bxc4 Bc6 22. Nd4 Ba4 23. b3 Bd7 24. Rc1 Bd6 25. b4 Nf6 26. Bg5 Rc8 27. Bb3
Rxc1 28. Rxc1 Ne4 29. Be3 Nf6 30. Nf3 Bc6 31. Nd4 Bd5 32. Bxd5 Nxd5 33. Nf5 Bf8
34. Bd4 g6 35. Ne3 Nxe3 36. Bxe3 Bd6 37. Rd1 Re6 38. Kf1 Kf8 39. Rxd6 Rxd6 40.
Bc5 Ke7 41. Ke2 Ke6 42. Bxd6 Kxd6 43. Ke3 Ke5 44. f4+ Kd5 45. Kd3 f5 46. g4
fxg4 47. hxg4 h5 48. f5 hxg4 49. fxg6 Ke6 50. Ke4 Kf6 51. Kf4 Kxg6 52. Kxg4
1/2-1/2

[Event "European Blitz Championship 2021"]
[Site "Katowice"]
[Date "2021.12.17"]
[Round "17.29"]
[White "Druckenthaner, Andreas"]
[Black "Galuszka, Tomasz"]
[Result "1-0"]
[WhiteElo "2346"]
[BlackElo "2181"]
[Annotator "NA"]
[PlyCount "137"]
[EventDate "2021.12.17"]
[EventType "swiss"]
[EventCountry "POL"]
[SourceTitle "playchess.com"]
[Source "ChessBase"]
[SourceQuality "1"]

1. d4 d5 2. Nc3 Nf6 3. Bg5 c6 4. Bxf6 gxf6 5. e3 Bf5 6. Bd3 Bxd3 7. Qxd3 e6 8.
Nf3 f5 9. O-O-O Nd7 10. Ne2 Qa5 11. Kb1 Qb5 12. Qxb5 cxb5 13. Nf4 Bd6 14. Nd3
Ke7 15. g3 h5 16. h4 Rac8 17. c3 Rc7 18. Nfe5 Bxe5 19. dxe5 Rc4 20. Rd2 Re4 21.
Re1 Nxe5 22. Nc5 Nf3 23. Nxe4 fxe4 24. Red1 Nxd2+ 25. Rxd2 Kf6 26. b3 Rc8 27.
Kb2 Kf5 28. Rd4 Kg4 29. Rd2 Kf3 30. a3 a5 31. Rc2 Kg2 32. Rd2 Kf1 33. Rc2 Ke1
34. Kc1 b6 35. Kb2 a4 36. bxa4 bxa4 37. Ka2 Rc5 38. Kb2 Rb5+ 39. Ka2 Kd1 40.
Rb2 Rxb2+ 41. Kxb2 Kd2 42. g4 hxg4 43. h5 Ke2 44. h6 Kxf2 45. h7 g3 46. h8=Q g2
47. Qf6+ Kxe3 48. Qd4+ Kf3 49. Qg1 e3 50. Kc2 e5 51. Kd1 d4 52. cxd4 exd4 53.
Qh2 d3 54. Qh3+ Kf2 55. Qf5+ Kg3 56. Qg5+ Kf2 57. Qf4+ Kg1 58. Qxe3+ Kh1 59.
Qh3+ Kg1 60. Qxd3 Kh2 61. Qh7+ Kg3 62. Qg7+ Kh2 63. Qh6+ Kg3 64. Qg5+ Kf2 65.
Qf4+ Kg1 66. Ke2 Kh1 67. Qh4+ Kg1 68. Kf3 f5 69. Qh3 1-0

[Event "European Blitz Championship 2021"]
[Site "Katowice"]
[Date "2021.12.17"]
[Round "17.29"]
[White "Czerw, Dawid"]
[Black "Budrewicz, Krzysztof"]
[Result "1-0"]
[WhiteElo "2075"]
[BlackElo "2183"]
[Annotator "NA"]
[PlyCount "65"]
[EventDate "2021.12.17"]
[EventType "swiss"]
[EventCountry "POL"]
[SourceTitle "playchess.com"]
[Source "ChessBase"]
[SourceQuality "1"]

1. d4 Nf6 2. c4 d6 3. Nc3 e5 4. Nf3 Nbd7 5. g3 g6 6. Bg2 Bg7 7. O-O O-O 8. b3
Re8 9. dxe5 Ng4 10. Bb2 Ngxe5 11. Nd4 c6 12. h3 Nc5 13. Qd2 a5 14. Rfd1 f5 15.
Rab1 Qe7 16. e3 Bd7 17. Nde2 Ned3 18. Ba3 Rad8 19. Nf4 Nxf4 20. exf4 Be6 21.
Re1 Qc7 22. Ne2 Bf7 23. Nd4 Ne4 24. Qd3 d5 25. c5 Qb8 26. Rbc1 Bf6 27. Re2 Be7
28. Rec2 h5 29. h4 Bf8 30. Nf3 d4 31. Bb2 Nc3 32. Rxc3 dxc3 33. Qxc3 1-0

[Event "European Blitz Championship 2021"]
[Site "Katowice"]
[Date "2021.12.17"]
[Round "17.30"]
[White "Smolik, Jachym"]
[Black "Grabarczyk, Miroslaw"]
[Result "0-1"]
[WhiteElo "2225"]
[BlackElo "2279"]
[Annotator "NA"]
[PlyCount "95"]
[EventDate "2021.12.17"]
[EventType "swiss"]
[EventCountry "POL"]
[SourceTitle "playchess.com"]
[Source "ChessBase"]
[SourceQuality "1"]

1. d4 d5 2. c4 e6 3. Nc3 Be7 4. Nf3 Nf6 5. Bf4 O-O 6. e3 Nbd7 7. c5 c6 8. Bd3
Nh5 9. Bg3 b6 10. b4 a5 11. a3 Ba6 12. Bxa6 Rxa6 13. Ne5 Nxe5 14. Bxe5 g6 15.
g4 Nf6 16. Qe2 Qa8 17. b5 cxb5 18. Nxb5 Qc6 19. cxb6 Rxb6 20. a4 Bb4+ 21. Kf1
Ne4 22. Kg2 Rc8 23. h4 f6 24. Bg3 Qc2 25. Qf3 Nxg3 26. Qxg3 Qe4+ 27. Qf3 Rc2
28. Rhc1 Rbc6 29. Rxc2 Rxc2 30. Qxe4 dxe4 31. Kg3 f5 32. gxf5 exf5 33. Rd1 Kf7
34. d5 Ke7 35. Nd4 Bd6+ 36. Kg2 Ra2 37. Nc6+ Kd7 38. Nxa5 Rxa4 39. Nb3 Ra2 40.
Nd4 Bc5 41. Kg3 Kd6 42. Ne6 Bb6 43. Nf8 Ra5 44. Nxh7 Rxd5 45. Rxd5+ Kxd5 46.
Kf4 Ke6 47. Ng5+ Kf6 48. Nh7+ 0-1